000 00316nam a2200121Ia 4500
008 241028s9999 xx 000 0 und d
041 _aeng
082 _a339 MAN
100 _aMankiw
245 _aPrinciples Of Microeconomics With Mindtap
260 _bCengage Learning India
_aDehli
_c2018
300 _a464;. P. 25 cm
999 _c43006
_d43006